000
00309nam a22001337a 4500
008
181008b xxu||||| |||| 00| 0 eng d
020
_a
9780444508461
041
_a
eng
080
_a
610
100
_a
4
101
_a
SHM
245
_a
Management of acute and chronic neck pain
_c
Bogduk,N
942
_2
udc
_c
BK
999
_c
49008
_d
49008